| 000 | 00749nam a2200205Ia 4500 | ||
|---|---|---|---|
| 008 | 151119s9999||||xx |||||||||||||| ||und|| | ||
| 082 | _a922.945ताम्हन/अध्यात्म | ||
| 082 | _bGKKV33594 | ||
| 100 | _aताम्हनकर रसिका | ||
| 245 | _aअध्यात्म ज्ञानामृत | ||
| 260 | _aसातारा | ||
| 260 | _bश्रीधर कुटी ट्रस्ट | ||
| 260 | _c2004 | ||
| 300 | _a408p. | ||
| 600 | _aताम्हनकर रसिका | ||
| 630 | _aअध्यात्म ज्ञानामृत | ||
| 700 | _aताम्हनकर रसिका | ||
| 730 | _aअध्यात्म ज्ञानामृत | ||
| 942 | _cBOOK | ||
| 999 |
_c1085889 _d1085886 |
||